000 00568nam a2200193Ia 4500
003 GCL
008 140319s9999 xx 000 0 ara d
040 _aGCL /
_cGCL
082 0 4 _a641.7
_bا ا
100 1 _aامينة الاعصر
245 1 0 _aاحلى واسهل الحلويات الفرنسية /
_cامينة الاعصر
260 _a[S.N] :
_bالمركز العربى للطباعة والنشر
300 _a57 ص
490 _a
650 0 4 _aالاقتصاد المنزلى
650 0 4 _aالتغذية
650 0 4 _aالطهى
942 _2ddc
_cBK
999 _c54042
_d54042